000 00754cab a2200265 4500
001 WB3039-57
008 090401t1994 xxu||||| |||| 00| 0 eng d
035 _a(Sirsi) u71365
041 _aeng
245 _aAgricultural strategy
260 _c1994
350 _a0
490 _aYorkshire Post
_v14 October 1994, 1(1)
520 _aA recent ADAS analysis for farm business entitled "Agricultural strategy" highlights the implications of the GATT agreement for European agriculture.
650 _aADAS
650 _aAGRICULTURAL STRATEGY
650 _aAGRICULTURE
650 _aCAP
650 _aCOMMON AGRICULTURAL POLICY
650 _aFOOD MARKETS
650 _aGATT
690 _aRURAL PRACTICE
942 _n0
948 _c04/03/1997
999 _c44977
_d44977